000 00384nam a2200157Ia 4500
003 Ost
005 20260225132545.0
008 260225s9999||||xx |||||||||||||| ||und||
040 _cfsic
041 _afre
082 _a440
100 _aBernard Blot
_eAuteur
245 0 _aLa politique contractuelle et les évenements de l'écologie /
245 0 _cBernard Blot
942 _cكتاب
999 _c33766
_d33766